Changing families : an ethnographic approach to divorce and separation
Αποθηκεύτηκε σε:
| Κύριος συγγραφέας: | |
|---|---|
| Μορφή: | Βιβλίο |
| Γλώσσα: | English |
| Δημοσίευση: |
Oxford :
Berg,
c1998.
|
| Θέματα: | |
| Ετικέτες: |
Προσθήκη ετικέτας
Δεν υπάρχουν, Καταχωρήστε ετικέτα πρώτοι!
|
MARC
| LEADER | 00000cam a2200000 i 4500 | ||
|---|---|---|---|
| 001 | 1/270 | ||
| 008 | 000403s1998 enk| ||| |||| ||eng|| | ||
| 020 | |a 1859739199 | ||
| 035 | |l 10059598 | ||
| 040 | |a GR-MyUa |b gre |e AACR2 | ||
| 041 | 0 | |a eng | |
| 082 | 7 | |a 306.890941 |2 (22) | |
| 100 | 1 | |a Simpson, Bob, |d 1956- | |
| 245 | 1 | 0 | |a Changing families : |b an ethnographic approach to divorce and separation / |c Bob Simpson. |
| 260 | |a Oxford : |b Berg, |c c1998. | ||
| 300 | |a 181 σ. : |b εικ. ; |c 22 εκ. | ||
| 504 | |a Περιλαμβάνει βιβλιογραφικές παραπομπές και ευρετήριο. | ||
| 650 | 0 | 0 | |a Divorce |z Great Britain. |
| 650 | 0 | 0 | |a Seperation (Law) |z Great Britain. |
| 650 | 0 | 0 | |a Broken homes |z Great Britain. |
| 650 | 0 | 0 | |a Divorced people |z Great Britain |x Family relationships. |
| 852 | |a INST |b LESVOS |e 20000403 |h 306.890941 SIM |p 005100020201 |q 005100020201 |t BK |y 0 | ||
| 901 | |a BIBL1-2000-1 | ||
| 922 | |a 1ΕΛΗ |b 200003 |c ΚΠΣ/ΤΚΑ |d ΠΑΠΑΣΩΤΗΡΙΟΥ | ||
| 950 | |a 117-1999-11-26 | ||
| 970 | |a ΜΟΥΣΤΑΚΑ |b ΠΗΝΕΛΟΠΗ |z 2000/04/21 | ||